• 首页
  • 本馆介绍
  • 公告通知
  • 最新文献
  • 馆藏检索
  • 电子资源
  • 读者导购
  • 参考咨询
  • 我的图书馆
  • 登录
  • 详细信息显示
  • 放入我的书架
  • 预约/预借图书
  • 作者相关作品
  • 分类相关作品
  • 丛书相关作品
  • 出版社相关作品

书目信息

  • 表格格式
  • 工作单格式
  • 卡片格式
题名:
大数据时代下的通信需求
    
 
作者: 徐永士 , 王新华 编著
分册:  
出版信息: 北京   电子工业出版社  2015
页数: 262页
开本: 26cm
丛书名:
单 册:
中图分类: TN915.04
科图分类:
主题词: 计算机网络--通信协议
电子资源:
ISBN: 978-7-121-26602-7
000 01291nam0 2200241 450
001 544
005 20160905103949.12
010    @a978-7-121-26602-7@dCNY49.00
100    @a20150914d2015 em y0chiy50 ea
101 0  @achi
102    @aCN@b110000
105    @ay z 000yy
200 1  @a大数据时代下的通信需求@9da shu ju shi dai xia de tong xin xu qiu@eTCP传输原理与优化@f徐永士,王新华编著
210    @a北京@c电子工业出版社@d2015
215    @a262页@d26cm
330    @a本书内容分为两部分。上半部分包含第1~5章,偏重介绍相关的互联网算法分类、理论,其中第1章介绍了背景知识及数据链路层,第2章整体介绍了TCP传输的原理与拥塞控制,第3、4章介绍了相关算法分类及主要算法,第5章介绍了相关理论模型。下半部分包含第6~9章,偏重介绍Linux系统上的具体实现及测量模拟技术,其中第6章从数据流动的角度逐层介绍了Linux系统如何实现网络协议TCP/IP协议族的各层,第7章具体介绍了如何书写一个拥塞控制模块及Linux系统自带的主要算法,第8章介绍了网络模拟器NS2及其他性能测量工具,第9章介绍了移动网络和软件定义网络SDN。
517 1  @aTCP传输原理与优化@9TCP chuan shu yuan li yu you hua
606 0  @a计算机网络@x通信协议
690    @aTN915.04@v5
701  0 @a徐永士@9xu yong shi@f(1979~)@4编著
701  0 @a王新华@9wang xin hua@c(计算机研究)@4编著
801  0 @aCN@b唐山师范学院图书馆@c20160722
905    @aZUCC@dTN915.04@e116
    
    大数据时代下的通信需求:TCP传输原理与优化/徐永士,王新华编著.-北京:电子工业出版社,2015
    262页;26cm
    
    
    ISBN 978-7-121-26602-7:CNY49.00
    本书内容分为两部分。上半部分包含第1~5章,偏重介绍相关的互联网算法分类、理论,其中第1章介绍了背景知识及数据链路层,第2章整体介绍了TCP传输的原理与拥塞控制,第3、4章介绍了相关算法分类及主要算法,第5章介绍了相关理论模型。下半部分包含第6~9章,偏重介绍Linux系统上的具体实现及测量模拟技术,其中第6章从数据流动的角度逐层介绍了Linux系统如何实现网络协议TCP/IP协议族的各层,第7章具体介绍了如何书写一个拥塞控制模块及Linux系统自带的主要算法,第8章介绍了网络模拟器NS2及其他性能测量工具,第9章介绍了移动网络和软件定义网络SDN。
●
相关链接 在E读中查询图书 在五车中查询图书 在当当中查询图书 在豆瓣中查询图书


正题名:大数据时代下的通信需求     索取号:TN915.04/116         预约/预借

序号 登录号 条形码 馆藏地/架位号 状态 备注
1 902313   209023135   第二样本阅览室/ [索取号:TN915.04/116] 在馆    
2 902314   209023144   第三借阅区/ [索取号:TN915.04/116] 在馆    
3 902315   209023153   第三借阅区/ [索取号:TN915.04/116] 在馆    
4 902316   209023162   第三借阅区/ [索取号:TN915.04/116] 在馆    
唐山师范学院图书馆 欢迎您!
大连网信软件有限公司© 版权所有